Technical planting of rubber trees in peam cheang rubber plantation, បច្ចេកទេសដាំដុះដើមកៅស៊ូនៅចំការកៅស៊ូពាមជាំង (Record no. 1425)

000 -LEADER
fixed length control field 00563nam a22001577a 4500
003 - CONTROL NUMBER IDENTIFIER
control field OSt
005 - DATE AND TIME OF LATEST TRANSACTION
control field 20150928171711.0
008 - FIXED-LENGTH DATA ELEMENTS--GENERAL INFORMATION
fixed length control field 150928b xxu||||| |||| 00| 0 eng d
040 ## - CATALOGING SOURCE
Transcribing agency RUA
082 ## - DEWEY DECIMAL CLASSIFICATION NUMBER
Classification number ATM.Sp CHH 2003 B059 Or.1
100 ## - MAIN ENTRY--PERSONAL NAME
9 (RLIN) 1514
Personal name CHHEAN, BUNTENG.
245 ## - TITLE STATEMENT
Title Technical planting of rubber trees in peam cheang rubber plantation, បច្ចេកទេសដាំដុះដើមកៅស៊ូនៅចំការកៅស៊ូពាមជាំង
260 ## - PUBLICATION, DISTRIBUTION, ETC. (IMPRINT)
Place of publication, distribution, etc. Phnom Penh
Name of publisher, distributor, etc. RUA
Date of publication, distribution, etc. 2003
300 ## - PHYSICAL DESCRIPTION
Extent 57p.
Other physical details ill.
Dimensions 29cm.
942 ## - ADDED ENTRY ELEMENTS (KOHA)
Source of classification or shelving scheme
Koha item type ATM.s
Holdings
Price effective from Date last seen Permanent Location Not for loan Date acquired Source of classification or shelving scheme Koha item type Lost status Withdrawn status Date last checked out Total Checkouts Shelving location Damaged status Barcode Checked out Current Location Full call number
2015-09-282019-07-12Library Block B 2015-09-28 ATM.s  2019-07-054B059 RUA001916 Library Block BATM.Sp CHH 2003 B059 Or.1
2016-01-252016-06-14Library Block B 2016-01-25 ATM.s  2016-06-142B059 RUA0517542016-07-20Library Block BATM.Sp CHH 2003 B059 Or.2
2016-01-252024-02-23Library Block B 2016-01-25 ATM.s  2024-01-248B059 RUA051258 Library Block BATM.Sp CHH 2003 B059 Or.3
មជ្ឈមណ្ឌលឯការនៃសាកលវិទ្យាល័យភូមិន្ទកសិកម្មចំការដូង

Powered by Koha